MARC details
| 000 -CABECERA |
| campo de control de longitud fija |
00928nam a2200169 a 4500 |
| 001 - NÚMERO DE CONTROL |
| campo de control |
000014810 |
| 005 - FECHA Y HORA DE LA ÚLTIMA TRANSACCIÓN |
| campo de control |
20200929163914.0 |
| 008 - DATOS DE LONGITUD FIJA--INFORMACIÓN GENERAL |
| campo de control de longitud fija |
100122s1999 sp a 000 0 spa d |
| 020 ## - NÚMERO INTERNACIONAL ESTÁNDAR DEL LIBRO |
| Número Internacional Estándar del Libro |
9788449433498 |
| 040 ## - FUENTE DE LA CATALOGACIÓN |
| Centro catalogador/agencia de origen |
DO-SdBNP |
| Lengua de catalogación |
spa |
| Centro/agencia transcriptor |
BNPHU |
| 082 ## - NÚMERO DE LA CLASIFICACIÓN DECIMAL DEWEY |
| Número de clasificación |
xxx |
| Número de documento/Ítem |
xxx |
| 245 00 - MENCIÓN DE TÍTULO |
| Título |
Biblioteca práctica de autoayuda / |
| Mención de responsabilidad, etc. |
director Carlos de Gispert. |
| 260 ## - PUBLICACIÓN, DISTRIBUCIÓN, ETC. |
| Lugar de publicación, distribución, etc. |
Barcelona : |
| Nombre del editor, distribuidor, etc. |
Oceano, |
| Fecha de publicación, distribución, etc. |
1999. |
| 300 ## - DESCRIPCIÓN FÍSICA |
| Extensión |
8 v. : |
| Otras características físicas |
il. ; |
| Dimensiones |
25 cm. |
| 505 0# - NOTA DE CONTENIDO CON FORMATO |
| Información miscelánea |
v.1: |
| Título |
Combatir el estrés / |
| Mención de responsabilidad |
Miguel Casas Hilari -- |
| Información miscelánea |
v.2: |
| Título |
Vivir en pareja/ |
| Mención de responsabilidad |
Maria Antonia Güell Roviralta -- |
| Información miscelánea |
v.3: |
| Título |
Inteligencia emocional en el amor / |
| Mención de responsabilidad |
Paz Torrabadella-- |
| Información miscelánea |
v.4: |
| Título |
Inteligencia emocional en el trabajo/ |
| Mención de responsabilidad |
Paz Torrabadella / |
| Información miscelánea |
v.5: |
| Título |
Programación neuro lingüística / |
| Mención de responsabilidad |
Salvador Carrión-- |
| Información miscelánea |
v.6: |
| Título |
Automasaje y yoga/ |
| Mención de responsabilidad |
Carmen Alcaraz, |
| -- |
Ramón Roselló-- |
| Información miscelánea |
v.7: |
| Título |
Disfrutar la sexualidad -- |
| Información miscelánea |
v.8: |
| Título |
Recursos de medicina naturista / |
| -- |
Pedro Ródenas |
| 700 1# - PUNTO DE ACCESO ADICIONAL--NOMBRE DE PERSONA |
| Nombre de persona |
Gispert, Carlos de, |
| 9 (RLIN) |
33561 |